Turbulence (Record no. 5373)

000 -LEADER
fixed length control field 00511nam a2200205 i 4500
001 - CONTROL NUMBER
control field 5373
003 - CONTROL NUMBER IDENTIFIER
control field BD-DhUET
008 - FIXED-LENGTH DATA ELEMENTS--GENERAL INFORMATION
fixed length control field 750220s1975 nyua b 001 0 eng
020 ## - INTERNATIONAL STANDARD BOOK NUMBER
International Standard Book Number 0070290377
040 ## - CATALOGING SOURCE
Original cataloging agency DLC
Transcribing agency DLC
Modifying agency BD-DhUET
082 00 - DEWEY DECIMAL CLASSIFICATION NUMBER
Classification number 532.56
Item number HIN/1975
100 1# - MAIN ENTRY--PERSONAL NAME
Personal name Hinze, J. O.
245 00 - TITLE STATEMENT
Title Turbulence
250 ## - EDITION STATEMENT
Edition statement 2nd ed.
260 ## - PUBLICATION, DISTRIBUTION, ETC. (IMPRINT)
Place of publication, distribution, etc. New York
Name of publisher, distributor, etc. McGraw-Hill
Date of publication, distribution, etc. 1975
300 ## - PHYSICAL DESCRIPTION
Extent x,790p.
Other physical details ill.
Dimensions 24 cm.
490 0# - SERIES STATEMENT
Series statement McGraw-Hill series in mechanical engineering
650 #0 - SUBJECT ADDED ENTRY--TOPICAL TERM
Topical term or geographic name as entry element Turbulence
942 ## - ADDED ENTRY ELEMENTS (KOHA)
Koha item type General Book
Holdings
Damaged status Copy number Koha item type Sublocation or collection (holding branch) Koha issues (times borrowed) Koha normalized classification for sorting Koha date last seen Shelving location Koha full call number Koha date last borrowed Withdrawn status Location (home branch) Date acquired Piece designation (barcode) Source of classification or shelving scheme Price effective from Lost status Not for loan
 1General BookCentral Library, BUET 532_560000000000000_HIN_19752014-11-26Circulation section532.56/HIN/1975  Central Library, BUET2014-11-2663813 2014-11-26  
 2General BookCentral Library, BUET 532_560000000000000_HIN_19752014-11-26Circulation section532.56/HIN/1975  Central Library, BUET2014-11-2663816 2014-11-26  
 3General BookCentral Library, BUET 532_560000000000000_HIN_19752014-12-07Circulation section532.56/HIN/1975  Central Library, BUET2014-12-0744334 2014-12-07  
 4General BookCentral Library, BUET 532_560000000000000_HIN_19752014-12-07Circulation section532.56/HIN/1975  Central Library, BUET2014-12-0763807 2014-12-07  
 5General BookCentral Library, BUET1532_560000000000000_HIN_19752015-03-29Circulation section532.56/HIN/19752015-03-25 Central Library, BUET2014-12-0763812 2014-12-07  
 6General BookCentral Library, BUET 532_560000000000000_HIN_19752014-12-07Circulation section532.56/HIN/1975  Central Library, BUET2014-12-0763805 2014-12-07  
 7General BookCentral Library, BUET 532_560000000000000_HIN_19752014-12-07Circulation section532.56/HIN/1975  Central Library, BUET2014-12-0763810 2014-12-07  
 8General BookCentral Library, BUET 532_560000000000000_HIN_19752014-12-07Circulation section532.56/HIN/1975  Central Library, BUET2014-12-0763808 2014-12-07  
 9General BookCentral Library, BUET 532_560000000000000_HIN_19752014-12-07Circulation section532.56/HIN/1975  Central Library, BUET2014-12-0763809 2014-12-07  
 10General BookCentral Library, BUET1532_560000000000000_HIN_19752023-02-28Circulation section532.56/HIN/19752022-11-14 Central Library, BUET2014-12-0763806 2014-12-07  
 11General BookCentral Library, BUET1532_560000000000000_HIN_19752015-09-14Circulation section532.56/HIN/19752015-05-26 Central Library, BUET2014-12-0763815 2014-12-07  
 12General BookCentral Library, BUET 532_560000000000000_HIN_19752015-03-09Circulation section532.56/HIN/1975  Central Library, BUET2015-03-0939158 2015-03-09  
 13Reading ItemCentral Library, BUET 532_560000000000000_HIN_19752015-06-07Reading section532.56/HIN/1975  Central Library, BUET2015-06-0758968 2015-06-07  
 14Reading ItemCentral Library, BUET 532_560000000000000_HIN_19752015-06-07Reading section532.56/HIN/1975  Central Library, BUET2015-06-0760653 2015-06-07  
 15Reading ItemCentral Library, BUET 532_560000000000000_HIN_19752015-06-23Reading section532.56/HIN/1975  Central Library, BUET2015-06-2352729 2015-06-23  
 16General BookCentral Library, BUET1532_560000000000000_HIN_19752024-11-27Circulation section532.56 HIN/19752024-11-27 Central Library, BUET1985-06-2963811 2024-11-16  
  General BookCentral Library, BUET 532_560000000000000_HIN_19752024-11-16 532.56 HIN/1975  Central Library, BUET2024-11-16  2024-11-16  
 18General BookCentral Library, BUET 532_560000000000000_HIN_19752024-11-16Circulation section532.56 HIN/1975  Central Library, BUET2025-09-0339159 2024-11-16